| 000 | 00000nam##2200000za#4500 |
| 001 | 9.695741 |
| 003 | CaOODSP |
| 005 | 20230202144025 |
| 007 | cr ||||||||||| |
| 008 | 150407|1994||||xxc|||||o f|0| 0 eng|d |
| 040 | |aCaOODSP|beng |
| 043 | |an-cn--- |
| 086 | 1 |aH72-21/97-1994E-PDF |
| 110 | 2 |aNational Clearinghouse on Family Violence (Canada). |
| 245 | 12|aA resource guide on family violence issues for aboriginal communities / |h[electronic resource]|cby David McTimoney. |
| 260 | |aOttawa - Ontario : |bHealth Canada. |c1993, c1994. |
| 300 | |a52p.|bfigs., table |
| 500 | |aThe catalogue number (H72-21/97-1994E) and ISBN (0-662-21410-2) for the print edition have been incorrectly copied in this electronic publication. |
| 590 | |a12-15-Supp|b2012-04-13 |
| 690 | 07|aIndigenous peoples|2gcpds |
| 690 | 07|aFamily violence|2gcpds |
| 720 | 1 |aMcTimoney, David |
| 776 | 0#|tA resource guide on family issues for aboriginal communities / |w(CaOODSP)9.645462 |
| 856 | 40|ahttp://publications.gc.ca|qPDF|s3.50 MB|uhttps://publications.gc.ca/collections/Collection/H72-21-97-1994E.pdf |